Available copies
- 1 of 1 copy available at Headquarters.
Current holds
0 current holds with 1 total copy.
| Location | Call Number / Copy Notes | Barcode | Shelving Location | Status | Due Date |
|---|---|---|---|---|---|
| Osu Library | 201 300/MCG | 0000002683355 | 300 - Social Issues, Fairy Tales, Folk Tales | Available | - |
Record details
- ISBN: 9780078257926
- Physical Description: PAPERBACK
- Publisher: COLUMBUS MCGRAW-HILL COMPANIES. INC.
Search for related items by subject
| Subject: | MANUAL |
| LDR | 00620cam a2200205Ka 4500 | ||
|---|---|---|---|
| 001 | 86074 | ||
| 003 | HQ | ||
| 005 | 20221109123831.0 | ||
| 008 | 070101s a br 1 eng d | ||
| 020 | . | ‡a9780078257926 | |
| 037 | . | ‡aKORLE KLOTTEY MUNICIPAL ASSSEMBLY | |
| 082 | 0 | 4. | ‡a300/MCG |
| 100 | . | ‡aGLENCOE MCGRAW-HILL | |
| 245 | . | ‡aWRITER'S GUIDEBOOK | |
| 260 | . | ‡aCOLUMBUS ‡bMCGRAW-HILL COMPANIES. INC. | |
| 300 | . | ‡aPAPERBACK | |
| 650 | . | ‡aMANUAL | |
| 901 | . | ‡a86074 ‡bAUTOGEN ‡c86074 ‡tbiblio | |

Add to basket
Permalink
Disable Highlighting